000
00302nam a2200121Ia 4500
008
190216s9999||||xx |||||||||||||| ||und||
100
_a
Michael V P
245
0
_a
Research Methodology In Management
260
_b
Sulthan Chand &co
_c
2000
300
_a
338p
650
_a
Research Methodology
942
_c
BK
999
_c
6083
_d
6083